000 00754cam a2200241 4500
001 ABS64401
008 010910n2001 000 0 eng u
035 _a(Sirsi) u114500
245 _aHow to patch up repairs disputes
260 _c2001
490 _aEstates Gazette
_v(0134) 25 August 2001, 90-92(3)
520 _aExamines the valuation basis upon which damages for disrepair are assessed, together with the approach taken by parties to remedy disrepair.
590 _aABS
650 _aDISREPAIR
650 _aDAMAGES
650 _aPROPERTY-COMMERCIAL PROPERTY
650 _aVALUATIONS
650 _aVALUE OF REVERSION
650 _aCOMMERCIAL LEASES
650 _aREPAIRING COVENANTS
690 _aDilapidations
_96235
942 _n0
999 _c68215
_d68215